| 000 | 00463cam a2200181ua 4500 | ||
|---|---|---|---|
| 020 | _c300.00 | ||
| 041 |
_aeng _h |
||
| 082 |
_a028.7102 _bHIG/PR |
||
| 100 | _aHiggens , Gavins . | ||
| 245 |
_aPrinted referance materials / _cGavin higgens. _hTextual Documents |
||
| 250 |
_a1 / _b. |
||
| 260 |
_aNew Delhi : _bOxford & IBH Publishing company , _c1980. |
||
| 300 | _a520 ; . | ||
| 365 | _a300.00 | ||
| 504 | _a | ||
| 942 | _cBK | ||
| 999 |
_c5481 _d5481 |
||